South African restrictions : hearing before the Subcommittee on Financial Institutions Supervision, Regulation and Insurance of the Committee on Banking, Finance, and Urban Affairs, House of Representatives, Ninety-eighth Congress, first session on H.R. 1693 ... June 8, 1983.

Bibliographic Details
Corporate Authors: United States. Congress. House. Committee on Banking, Finance, and Urban Affairs. Subcommittee on Financial Institutions Supervision, Regulation and Insurance, ProQuest (Firm)
Format: Government Document eBook
Language:English
Published: Washington : U.S. G.P.O., 1983.
Series:U.S. Congressional Hearings.
Subjects:
Online Access:Connect to the full text of this electronic book

MARC

Tag First Indicator Second Indicator Subfields
LEADER 00000cam a22000001a 4500
001 in00003220013
006 m d f
007 cr bn mmmapmmp
008 091015s1983 dcua o f000 0 eng d
005 20260511195343.5
035 |a cis2007445749 
040 |a UMI  |c UMI  |d UtOrBLW 
043 |a n-us--- 
074 |a 1013-A, 1013-B (microfiche) 
086 0 |a Y 4.B 22/1:98-32 
088 |a Serial no. 98-32 (United States. Congress. House. Committee on Banking, Finance, and Urban Affairs) 
099 |a HRG-1983-BFU-0032 
110 1 |a United States.  |b Congress.  |b House.  |b Committee on Banking, Finance, and Urban Affairs.  |b Subcommittee on Financial Institutions Supervision, Regulation and Insurance. 
245 1 0 |a South African restrictions :  |b hearing before the Subcommittee on Financial Institutions Supervision, Regulation and Insurance of the Committee on Banking, Finance, and Urban Affairs, House of Representatives, Ninety-eighth Congress, first session on H.R. 1693 ... June 8, 1983. 
264 1 |a Washington :  |b U.S. G.P.O.,  |c 1983. 
300 |a 1 online resource. 
336 |a text  |b txt  |2 rdacontent 
337 |a computer  |b c  |2 rdamedia 
338 |a online resource  |b cr  |2 rdacarrier 
500 |a Record is based on bibliographic data in ProQuest Congressional Hearings Digital Collection. Reuse except for individual research requires license from ProQuest, LLC. 
538 |a System requirements: PDF reader software. 
500 |a Electronic resource. 
650 0 |a Discrimination in employment  |z South Africa. 
651 0 |a South Africa  |x Foreign relations  |z United States. 
651 0 |a United States  |x Foreign relations  |z South Africa. 
651 0 |a South Africa  |x Politics and government  |y 1961-1978. 
655 7 |a Electronic books.  |2 local 
710 2 |a ProQuest (Firm) 
776 0 8 |i Print version:  |a United States. Congress. House. Committee on Banking, Finance, and Urban Affairs. Subcommittee on Financial Institutions Supervision, Regulation and Insurance  |t South African restrictions  |w (OCoLC)10158802  |w gp 84005941 
776 0 8 |i Microfiche version:  |a United States. Congress. House. Committee on Banking, Finance, and Urban Affairs. Subcommittee on Financial Institutions Supervision, Regulation and Insurance  |t South African restrictions.  |d [Bethesda, Md.] : ProQuest,[2004]  |o CIS 83 H241-56  |w (ProQuest)cis08300405 
830 0 |a U.S. Congressional Hearings. 
856 4 0 |u http://proxy.library.tamu.edu/login?url=https://congressional.proquest.com/congcomp/getdoc?HEARING-ID=HRG-1983-BFU-0032  |z Connect to the full text of this electronic book  |t 0 
998 |a cis08300405 
999 |a MARS 
999 f f |s 5c6f0d01-bc76-3a76-a60a-4f4f266844a7  |i 852ed47a-4ba3-3668-9f2a-bfd0193077af  |t 0 
952 f f |a Texas A&M University  |b College Station  |c Electronic Resources  |s www_evans  |d Available Online  |t 0  |e HRG-1983-BFU-0032  |h Other scheme 
998 f f |a HRG-1983-BFU-0032  |t 0  |l Available Online